Statistics for Harry Potter - Hogwarts School of Witchcraft and Wizardry

Click here to take the quiz!

General Stats

  • This quiz has been taken 980 times
    (972 since last reset)
  • The average score is 16 of 23

Answer Stats

HintAnswer% Correct
Name a house of HogwartsRavenclaw
95%
Name a house of HogwartsSlytherin
95%
Name a house of HogwartsHufflepuff
94%
How many founders of Hogwarts were there?4
93%
Name a house of HogwartsGryffindor
92%
How do students receive their acceptance letter?Owls
91%
How do the students travel to Hogwarts?Hogwarts Express
89%
What is the name of the sport played at Hogwarts?Quidditch
86%
How are students sorted into houses?With the Sorting Hat
85%
Where is the school located?Scotland
75%
What was hidden in the school in 1991? (Harry's first year)The Philosopher's Stone
75%
What level do students take in their fifth year?O.W.L.s
72%
What room appears when someone is in great need of it?Room of Requirement
72%
Where is the entrance to the Chamber of Secrets?Moaning Myrtles Bathroom
71%
Where can you find the Potions Classroom?In the Dungeons
69%
What level do students take in their sixth and seventh year?N.E.W.T.S
61%
What is the tallest tower in Hogwarts?The Astronomy Tower
56%
Where can you find house-elves in the school?The Kitchens
50%
When does term start?1st September
49%
How many staircases are in the school?142
29%
What is the school's motto?Draco Dormiens Nunquam Titillandus
29%
Which floor can you find the Prefect's Bathroom?Fifth Floor
28%
What year was the school founded?990 A.D.
8%

Score Distribution

Percentile by Number Answered

Percent of People with Each Score

Your Score History

You have not taken this quiz since the last reset